Central Library OPAC University of Rajshahi
Normal view MARC view

Entry Topical Term

Number of records used in: 2

001 - CONTROL NUMBER

  • control field: 3951

003 - CONTROL NUMBER IDENTIFIER

  • control field: BD-RjUL

005 - DATE AND TIME OF LATEST TRANSACTION

  • control field: 20220629150858.0

008 - FIXED-LENGTH DATA ELEMENTS

  • fixed length control field: 220629|| aca||aabn | a|a d

040 ## - CATALOGING SOURCE

  • Original cataloging agency: BD-RjUL
  • Transcribing agency: BD-RjUL

150 ## - HEADING--TOPICAL TERM

  • Topical term or geographic name entry element: Islam
  • Form subdivision: Tawhid

670 ## - SOURCE DATA FOUND

  • Source citation: Work cat.: (BD-RjUL)80061: عبده, محمد بن حسن خير الله ;; Abdo, Muhammad bin Hassan Khairallah لشيخ، 1266-1323 هـ.) 3950, فهرس رسالة التوحيد [faharas risalat altawhid] / (الشيخ، 1266-1323 هـ.), 1953